[Event "GoAudit Open"]
[Site "Copenhagen"]
[Date "2019.11.10"]
[Round "8.5"]
[White "Frank Nielsen, Marie"]
[Black "Guindy, Esmat Susanne"]
[Result "0-1"]
[WhiteElo "1989"]
[BlackElo "2102"]
[PlyCount "94"]
[EventDate "2019.11.??"]
[EventType "swiss"]
[EventRounds "8"]
[EventCountry "DEN"]

1. e4 e6 2. d4 d5 3. e5 c5 4. c3 Nc6 5. Nf3 Nh6 6. a3 cxd4 7. cxd4 Nf5 8. Nc3
Bd7 9. Be2 Rc8 10. O-O Be7 11. Na4 Na5 12. Nc5 b6 13. Nxd7 Qxd7 14. Bd3 h6 15.
Bd2 Nc4 16. Bc1 g6 17. Re1 Kf8 18. h3 Kg7 19. g3 b5 20. b3 Na5 21. Bd2 Bd8 22.
g4 Ne7 23. h4 Bb6 24. a4 bxa4 25. Rxa4 Nac6 26. Bb5 Qc7 27. Qe2 a5 28. Rc1 Qa7
29. Qe3 Qb7 30. Qf4 Bd8 31. Bxc6 Nxc6 32. g5 h5 33. Qe3 Rb8 34. Kg2 Bb6 35. Qf4
Rhc8 36. Rca1 Bd8 37. Rb1 Qb5 38. Raa1 Qd3 39. Qe3 Qe4 40. Kh2 Bb6 41. Rd1 Nxd4
42. Nxd4 Qxh4+ 43. Kg2 Bxd4 44. Qf3 Bxa1 45. Qf6+ Kg8 46. Bf4 Qg4+ 47. Bg3 Qxd1
0-1

[Event "GoAudit Open"]
[Site "Copenhagen"]
[Date "2019.11.10"]
[Round "8.6"]
[White "Jaques, Hannibal Valeur"]
[Black "Christensen, Lasse"]
[Result "0-1"]
[WhiteElo "1736"]
[BlackElo "2204"]
[PlyCount "74"]
[EventDate "2019.11.??"]
[EventType "swiss"]
[EventRounds "8"]
[EventCountry "DEN"]

1. e4 c6 2. d4 d5 3. Nc3 dxe4 4. Nxe4 Nf6 5. Nxf6+ gxf6 6. c3 Bf5 7. Ne2 e6 8.
Ng3 Bg6 9. Bd3 Qc7 10. Be3 Nd7 11. Qc2 O-O-O 12. O-O-O f5 13. Bg5 Re8 14. Rhe1
Bd6 15. Bd2 h5 16. Ne2 h4 17. h3 Bh5 18. Kb1 Reg8 19. Rg1 Bh2 20. Rh1 Bxe2 21.
Bxe2 Rxg2 22. Be3 Nb6 23. Bf3 Rg6 24. c4 Bf4 25. Rhg1 Bxe3 26. fxe3 Rg3 27. Qf2
Nxc4 28. Rc1 Rxf3 29. Qe2 Rxe3 30. Qxc4 Rg3 31. Qf1 Rhg8 32. Qf2 Rxg1 33. Rxg1
Rxg1+ 34. Qxg1 Qg3 35. Qc1 Qd3+ 36. Ka1 Qxd4 37. a3 f4 0-1

[Event "GoAudit Open"]
[Site "Copenhagen"]
[Date "2019.11.10"]
[Round "8.7"]
[White "Meskenas, Paulius"]
[Black "Liu, Casper Yukun"]
[Result "1/2-1/2"]
[WhiteElo "2003"]
[BlackElo "2171"]
[PlyCount "20"]
[EventDate "2019.11.??"]
[EventType "swiss"]
[EventRounds "8"]
[EventCountry "DEN"]

1. e4 e5 2. Nf3 Nc6 3. Bb5 a6 4. Ba4 b5 5. Bb3 Nf6 6. O-O Bc5 7. Re1 Ng4 8. Rf1
Nf6 9. Re1 Ng4 10. Rf1 Nf6 1/2-1/2

[Event "GoAudit Open"]
[Site "Copenhagen"]
[Date "2019.11.10"]
[Round "8.8"]
[White "Andersen, Rune"]
[Black "Olsen, Bjorn"]
[Result "1-0"]
[WhiteElo "2122"]
[BlackElo "1856"]
[PlyCount "57"]
[EventDate "2019.11.??"]
[EventType "swiss"]
[EventRounds "8"]
[EventCountry "DEN"]

1. d4 Nf6 2. c4 g6 3. Nc3 Bg7 4. e4 d6 5. Nge2 O-O 6. Ng3 Nc6 7. d5 Ne5 8. h3
c6 9. Be2 cxd5 10. cxd5 a6 11. a4 Qa5 12. O-O b5 13. Bd2 b4 14. Na2 Qb6 15.
Bxb4 a5 16. Bc3 Ned7 17. b4 axb4 18. Nxb4 Nc5 19. Qc2 Bd7 20. Nc6 Bxc6 21. dxc6
Qxc6 22. Bb5 Qc7 23. Rfc1 h5 24. e5 Nd5 25. exd6 exd6 26. Bxg7 Kxg7 27. Qd2 Nf6
28. Nf5+ gxf5 29. Qg5+ 1-0

[Event "GoAudit Open"]
[Site "Copenhagen"]
[Date "2019.11.10"]
[Round "8.9"]
[White "Andersen, Daniel"]
[Black "Saravana, Vedant Kumar"]
[Result "0-1"]
[WhiteElo "1793"]
[BlackElo "1841"]
[PlyCount "68"]
[EventDate "2019.11.??"]
[EventType "swiss"]
[EventRounds "8"]
[EventCountry "DEN"]

1. c4 e5 2. Nc3 Nf6 3. Nf3 Nc6 4. e4 Bc5 5. Nxe5 Nxe5 6. d4 Bxd4 7. Qxd4 Nc6 8.
Qd2 d6 9. Be2 O-O 10. O-O Re8 11. f3 Be6 12. b3 Nb8 13. Bb2 c6 14. Rad1 Qb6+
15. Kh1 Rd8 16. Qg5 h6 17. Qh4 Qc7 18. f4 Na6 19. Bf3 Nc5 20. g4 Nh7 21. g5
hxg5 22. fxg5 Qe7 23. Bc1 Nd7 24. Bg4 Ne5 25. Bxe6 Qxe6 26. Rf5 Ng6 27. Qf2
Rac8 28. h4 Ne7 29. Rf3 d5 30. Rfd3 d4 31. Rxd4 Rxd4 32. Rxd4 Qh3+ 33. Qh2 Qxc3
34. Bb2 Qe1+ 0-1

[Event "GoAudit Open"]
[Site "Copenhagen"]
[Date "2019.11.10"]
[Round "8.10"]
[White "Iskos, Lukas"]
[Black "Kirkebaekke, Mark"]
[Result "1-0"]
[WhiteElo "1743"]
[BlackElo "1848"]
[PlyCount "83"]
[EventDate "2019.11.??"]
[EventType "swiss"]
[EventRounds "8"]
[EventCountry "DEN"]

1. e4 Nf6 2. Nc3 d6 3. d4 g6 4. Be3 Bg7 5. Bc4 Ng4 6. Bf4 e5 7. dxe5 Nxe5 8.
Bb3 Nbc6 9. Nf3 Bg4 10. Bxe5 Bxf3 11. Bxf7+ Kf8 12. Bxg7+ Kxg7 13. Qxf3 Rf8 14.
Nd5 Rxf7 15. Qc3+ Kh6 16. O-O-O Qg5+ 17. f4 Qxg2 18. Rhg1 Qxe4 19. Rg3 Rxf4 20.
Nxf4 Qxf4+ 21. Kb1 Qe5 22. Qd2+ Kg7 23. Re1 Qf5 24. Qc3+ Qf6 25. Qb3 Qf2 26.
Rge3 Rf8 27. a3 Nd4 28. Re7+ Kh8 29. Qc3 c5 30. Rxb7 Rf7 31. Re8+ Kg7 32. Ree7
Rxe7 33. Rxe7+ Kf6 34. Rxh7 a6 35. Qc4 Kg5 36. Qd5+ Nf5 37. h4+ Kg4 38. Qe4+
Qf4 39. Qxf4+ Kxf4 40. h5 g5 41. h6 Kg4 42. Rh8 1-0